000 00660cam a2200241 4500
008 000000n1999 000 0 eng u
020 _a0419241000
035 _a(Sirsi) u103252
041 _aeng
050 _a658.404
245 _aProcurement systems: a guide to best practice in construction.
260 _aLondon
_bE & F N Spon
_c1999
300 _axxvi,315p. ; 24cm.
350 _a60
650 _aCONSTRUCTION PROCUREMENT
650 _aPARTNERING
650 _aPROCUREMENT SYSTEMS
650 _aSUPPLY CHAIN
690 _aProject management
_96261
700 _aRowlinson, S.
_xEditor
700 _aMcDermott, Peter
_xEditor
942 _n0
999 _c100105
_d100105